书目信息 |
| 题名: |
进出口贸易实务教程
|
|
| 作者: | 吴百福 主编 | |
| 分册: | ||
| 出版信息: | 上海 上海人民出版社 1996.01 |
|
| 页数: | 737页 | |
| 开本: | 32开 | |
| 丛书名: | ||
| 单 册: | ||
| 中图分类: | F752.6 | |
| 科图分类: | ||
| 主题词: | 对外贸易--世界 | |
| 电子资源: | ||
| ISBN: | 7-208-01920-7 | |
| 000 | 00567nam0 2200193 45 | |
| 001 | 0104051152 | |
| 005 | 20010405112455.8 | |
| 010 | @a7-208-01920-7@d28.00元 | |
| 100 | @a20010405d1996 km y0chiy0120 ea | |
| 101 | 0 | @achi |
| 105 | @a z 000yy | |
| 200 | 1 | @a进出口贸易实务教程@AJin Chu Kou Mao Yi Shi Wu Jiao Cheng@f吴百福主编@FWu Bai Fu Zhu Bian |
| 210 | @a上海@c上海人民出版社@d1996.01 | |
| 215 | @a737页@d32开 | |
| 606 | 0 | @a对外贸易@x世界 |
| 690 | @aF752.6@v3 | |
| 701 | 0 | @a吴百福@4主编 |
| 801 | @aCN@bPftUser@c20010405 | |
| 905 | @b336287-288@dF752.6@eW235@f2 | |
| 进出口贸易实务教程/吴百福主编.-上海:上海人民出版社,1996.01 |
| 737页;32开 |
| ISBN 7-208-01920-7:28.00元 |
| ● |
| 相关链接 |
|
|
|
正题名:进出口贸易实务教程
索取号:F752.6/W235
 
预约/预借
| 序号 | 登录号 | 条形码 | 馆藏地/架位号 | 状态 | 备注 |
| 1 | 336287 | 203362878 | 社科库409/409社科库 48排6列3层/ [索取号:F752.6/W235] | 在馆 | |
| 2 | 336288 | 203362887 | 社科库409/409社科库 48排6列3层/ [索取号:F752.6/W235] | 在馆 |